Prácticas de química inorgánica

Bibliographic Details
Main Author: Pérez Sanfiel, Francisco
Format: Section = Libro
Language:Undetermined
Spanish
Published: La Habana Pueblo y Educación 1982
Subjects:
LEADER 00461nam a2200169Ia 4500
008 240830s9999 xx 000 0 und d
040 |a CEDOC FIQ-RUSB / 546 P895 
041 |a spa 
082 |a 546 P895 
100 1 |a Pérez Sanfiel, Francisco 
245 1 0 |a Prácticas de química inorgánica 
260 |a La Habana  |b Pueblo y Educación  |c 1982 
300 |a 138 p. : il 
650 7 |a QUIMICA INORGANICA-EXPERIMENTOS 
942 |c BK  |2 ddc 
991 |a TEXTO 
999 |c 13956